Normal view
MARC view
- Motion picture actors and actresses
Entry Topical Term
001 - CONTROL NUMBER
- control field: 7723
003 - CONTROL NUMBER IDENTIFIER
- control field: NUST
005 - DATE AND TIME OF LATEST TRANSACTION
- control field: 20171228093509.0
008 - FIXED-LENGTH DATA ELEMENTS
- fixed length control field: 171228|| aca||aabn | a|a d
040 ## - CATALOGING SOURCE
- Original cataloging agency: NUST
- Transcribing agency: NUST
150 ## - HEADING--TOPICAL TERM
- Topical term or geographic name entry element: Motion picture actors and actresses
- Geographic subdivision: Great Britain
- General subdivision: Biography.
670 ## - SOURCE DATA FOUND
- Source citation: Work cat.: (NUST)0: Aherne, Brian. 7721, A dreadful man /, 1979.
